Principles of Information Systems. (Record no. 348670)

000 -LEADER
fixed length control field 00430 a2200157 4500
020 ## - INTERNATIONAL STANDARD BOOK NUMBER
International Standard Book Number 9788131503201
022 ## - INTERNATIONAL STANDARD SERIAL NUMBER
International Standard Serial Number 9788131503201
082 ## - DEWEY DECIMAL CLASSIFICATION NUMBER
Classification number 658.403821
090 ## - LOCALLY ASSIGNED LC-TYPE CALL NUMBER (OCLC); LOCAL CALL NUMBER (RLIN)
-- 6302
-- 6302
100 ## - MAIN ENTRY--PERSONAL NAME
Personal name Stair,Ralph M.
245 ## - TITLE STATEMENT
Title Principles of Information Systems.
Remainder of title A Managerial Approach.
Statement of responsibility, etc. Relph M.Stair.
260 ## - PUBLICATION, DISTRIBUTION, ETC.
Place of publication, distribution, etc. India.
Name of publisher, distributor, etc. South-Western.
Date of publication, distribution, etc. 2008.
300 ## - PHYSICAL DESCRIPTION
Extent 664p.
500 ## - GENERAL NOTE
General note Paper Cover.
942 ## - ADDED ENTRY ELEMENTS (KOHA)
Institution code [OBSOLETE] NBS
Koha item type Book
Call number prefix 658.403821 STA
Holdings
Withdrawn status Lost status Damaged status Not for loan Permanent Location Current Location Date acquired Total Checkouts Full call number Barcode Date last seen Price effective from Koha item type
        Central Library (CL) Central Library (CL) 08/28/2013   658.403821 STA NBS8381 06/12/2014 08/28/2013 Book
© 2023 Central Library, National University of Sciences and Technology. All Rights Reserved.